000 00332nam a2200133Ia 4500
008 150201s2009 xx 000 0 und d
082 _a618.1
_bA04K
100 _aKOTDAWALA,PARUL
245 _aADOLESCENT GIRL-AN UPDATE
250 _a1ST
260 _bJAYPEE BROTHERS
_aDELHI
_c2009
650 _aOBST & GYNAECOLOGY
942 _2ddc
_cBK
999 _c1026
_d1026